Administración financiera de las organizaciones (Registro nro. 1152)
[ vista simple ]
| 000 -LEADER | |
|---|---|
| fixed length control field | 01835 a2200349 4500 |
| 001 - CONTROL NUMBER | |
| control field | 23986 |
| 005 - DATE AND TIME OF LATEST TRANSACTION | |
| control field | 20260407155526.0 |
| 008 - FIXED-LENGTH DATA ELEMENTS--GENERAL INFORMATION | |
| fixed length control field | 260407a2003 arg spa d |
| 003 - CONTROL NUMBER IDENTIFIER | |
| control field | AR-UNSa-BCEJYS |
| 040 ## - CATALOGING SOURCE | |
| Original cataloging agency | AR-UNSa-BCEJYS |
| Language of cataloging | spa |
| Transcribing agency | AR-UNSa-BCEJYS |
| 080 ## - UNIVERSAL DECIMAL CLASSIFICATION NUMBER | |
| Universal Decimal Classification number | 658.15 |
| Common auxiliary subdivision | Administración financiera privada. Gestión financiera de empresas<br/> |
| 020 ## - INTERNATIONAL STANDARD BOOK NUMBER | |
| International Standard Book Number | 978-950-537-588-2 |
| 100 1# - MAIN ENTRY--PERSONAL NAME | |
| Personal name | Sapetnitzky, Claudio E. |
| 245 10 - TITLE STATEMENT | |
| Title | Administración financiera de las organizaciones |
| 250 ## - EDITION STATEMENT | |
| Edition statement | 2a. ed |
| 264 #1 - PRODUCTION, PUBLICATION, DISTRIBUTION, MANUFACTURE, AND COPYRIGHT NOTICE | |
| Place of production, publication, distribution, manufacture | Buenos Aires : |
| Name of producer, publisher, distributor, manufacturer | Ediciones Macchi |
| Date of production, publication, distribution, manufacture, or copyright notice | 2003 |
| 300 ## - PHYSICAL DESCRIPTION | |
| Extent | xix, 607 p. |
| Dimensions | 23 cm. |
| 505 ## - FORMATTED CONTENTS NOTE | |
| Formatted contents note | 1. Objetivo y decisiones financieras básicas de las organizaciones / Claudio E. Sapetnitzky - 2. Elementos de cálculo financiero aplicado / Guillermo Lopez Dumrauf, Claudio E. Sapetnitzky - 3. Conceptos básicos de análisis financiero / Claudio E. Sapetnitzky, Pedro J. Vulovic - 4. La decisión de inversión / Claudio E. Sapetnitzky - 5. La decisión de financiamiento / Celestino Carbajal - 6. Decisiones de estructura de capital / Guillermo Lopez Dumrauf - 7. Gestión del capital de trabajo / Pedro J. Vulovic - 8. Riesgo e incertidumbre en las decisiones finacieras / Juan C. Alonso - 9. Decisiones financieras en contextos especiales. |
| 590 ## - LOCAL NOTE (RLIN) | |
| Local note | niveau_biblio:m niveau_hierar:0 |
| 700 1# - ADDED ENTRY--PERSONAL NAME | |
| Personal name | Alonso, Aldo Hernán |
| 700 1# - ADDED ENTRY--PERSONAL NAME | |
| Personal name | Alonso, Juan Carlos |
| 700 1# - ADDED ENTRY--PERSONAL NAME | |
| Personal name | Carbajal, Celestino |
| 700 1# - ADDED ENTRY--PERSONAL NAME | |
| Personal name | Samitier, María C. D. de |
| 700 1# - ADDED ENTRY--PERSONAL NAME | |
| Personal name | Feldman, Gregorio |
| 700 1# - ADDED ENTRY--PERSONAL NAME | |
| Personal name | Herrero, Gustavo Adolfo |
| 700 1# - ADDED ENTRY--PERSONAL NAME | |
| Personal name | López Dumrauf, Guillermo |
| 700 1# - ADDED ENTRY--PERSONAL NAME | |
| Personal name | Messuti, Domingo Jorge |
| 700 1# - ADDED ENTRY--PERSONAL NAME | |
| Personal name | Pascale, Ricardo |
| 700 1# - ADDED ENTRY--PERSONAL NAME | |
| Personal name | Vulovic, Pedro Jorge |
| 856 41 - ELECTRONIC LOCATION AND ACCESS | |
| Uniform Resource Identifier | <a href="https://biblioeco.unsa.edu.ar/pmb/images/libros/Administracion financiera de las organizaciones 2ed.jpg">https://biblioeco.unsa.edu.ar/pmb/images/libros/Administracion financiera de las organizaciones 2ed.jpg</a> |
| Link text | Imagen de portada |
| Electronic format type | image/jpeg |
| 942 ## - ADDED ENTRY ELEMENTS (KOHA) | |
| Koha item type | |
| Withdrawn status | Lost status | Damaged status | Not for loan | Home library | Current library | Shelving location | Date acquired | Total checkouts | Full call number | Barcode | Date last seen | Price effective from | Koha item type |
|---|---|---|---|---|---|---|---|---|---|---|---|---|---|
| Biblioteca Prof. Eusebio Cleto del Rey | Biblioteca Prof. Eusebio Cleto del Rey | 07/04/2026 | 658.15 S241 2ed. | L86566 | 07/04/2026 | 07/04/2026 | Libro | ||||||
| Biblioteca Prof. Eusebio Cleto del Rey | Biblioteca Prof. Eusebio Cleto del Rey | 07/04/2026 | 658.15 S241 2ed. | L87112 | 07/04/2026 | 07/04/2026 | Libro | ||||||
| Biblioteca Prof. Eusebio Cleto del Rey | Biblioteca Prof. Eusebio Cleto del Rey | 07/04/2026 | 658.15 S241 2ed. | L86567 | 07/04/2026 | 07/04/2026 | Libro | ||||||
| Biblioteca Prof. Eusebio Cleto del Rey | Biblioteca Prof. Eusebio Cleto del Rey | 07/04/2026 | 658.15 S241 2ed. | L86568 | 07/04/2026 | 07/04/2026 | Libro | ||||||
| Biblioteca Prof. Eusebio Cleto del Rey | Biblioteca Prof. Eusebio Cleto del Rey | 07/04/2026 | 658.15 S241 2ed. | L87113 | 07/04/2026 | 07/04/2026 | Libro | ||||||
| Biblioteca Prof. Eusebio Cleto del Rey | Biblioteca Prof. Eusebio Cleto del Rey | 07/04/2026 | 658.15 S241 2ed. | L87114 | 07/04/2026 | 07/04/2026 | Libro |